Caos y comunicación : la teoría del caos y la comunicación humana /

Ismael Roldán propone en esta obra, bases para un modelo de la comunicación humana, inspirado en la teoría del caos, uno de los modelos de representación de la posmodernidad.

Shranjeno v:
Bibliografske podrobnosti
Glavni avtor: Roldán Castro, Ismael (autor)
Format: Knjiga
Jezik:španščina
Izdano: Sevilla, España : Mergablum, 1999, c1999
Teme:
Oznake: Označite
Brez oznak, prvi označite!

MARC

LEADER 00000nam^a2200000^a^4500
001 000143194
005 20250521000000.0
009 20260310095714.379
020 |a 84-95118-27-0 
037 |a Acervo ITESO - Biblioteca 
041 |a ESP 
082 |a 302. 201  |b ROL 
100 |a Roldán Castro, Ismael  |e (autor) 
245 1 0 |a Caos y comunicación :  |b la teoría del caos y la comunicación humana /  |c I. Roldán Castro ; pról. de Manuel Angel Vázquez Medel. 
264 4 |a Sevilla, España :  |b Mergablum,  |c 1999, c1999 
300 |a 359 p. 
336 |a texto  |b txt  |2 rdacontenido 
337 |a sin mediación  |b n  |2 rdamedio 
338 |a volumen  |b nc  |2 rdasoporte 
520 |a Ismael Roldán propone en esta obra, bases para un modelo de la comunicación humana, inspirado en la teoría del caos, uno de los modelos de representación de la posmodernidad. 
649 |a XX 
650 |a Teoría del Caos 
650 |a Probabilidad 
650 |a Fractales 
650 |a Fuerza y Energía 
650 |a Espacio y Tiempo 
650 |a Teoría de Sistemas 
650 |a Modernidad y Posmodernidad 
650 |a Epistemología 
650 |a Medios de Comunicación 
650 |a Comunicación Masiva 
650 |a Comunicación -  |x Investigación 
650 |a Comunicación -  |x Teoría 
650 |a Sociedad Postindustrial 
650 |a Sociología de la Comunicación 
910 |a Fondo General 
920 |a Impresos - Libros 
930 |a Colección General 
905 |a 101 
901 |a 0500071695  |b IT1  |c ACC  |u 20250521 
902 |a https://opac.biblio.iteso.mx/vufind/Record/000143194